[Event "Groningen Festival (Women)"]
[Site "Groningen"]
[Date "1998.12.20"]
[Round "1"]
[White "Peng, Zhaoqin"]
[Black "Darchia, Diana"]
[Result "1-0"]
[WhiteElo "2425"]
[BlackElo "2445"]
[Annotator "Tisdall,J"]
[PlyCount "39"]
[EventDate "1998.12.20"]
[EventType "tourn"]
[EventRounds "10"]
[EventCountry "NED"]
[EventCategory "9"]
[SourceTitle "CBM 069"]
[Source "ChessBase"]
[SourceDate "1999.04.01"]
[SourceVersion "1"]
[SourceVersionDate "1999.04.01"]
[SourceQuality "1"]

1. d4 Nf6 2. Nf3 e6 3. g3 b6 4. Bg2 Bb7 5. O-O Be7 6. c4 d5 7. Nc3 O-O 8. cxd5
exd5 9. Ne5 Nbd7 10. Bf4 (10. Qa4 $5 {has a better theoretical pedigree, but
the move in the game has also scored well.}) 10... c6 (10... Nxe5 $5 11. dxe5
Ne4 12. Nxe4 dxe4 13. Qc2 {looks good for white, but he could not prove an
advantage after} f5 14. exf6 Bxf6 {as the pressure against b2 creates
counterplay.} 15. Bxc7 Rc8 16. Qb3+ Qd5 17. Bf4 Qxb3 18. axb3 a6 19. Bh3 Rc2
20. Rac1 Rxc1 21. Be6+ Kh8 22. Rxc1 Bd4 23. e3 Bxb2 24. Rc7 Ba8 25. Bd6 Rd8 26.
Be7 Rb8 27. Bd6 Rd8 28. Be7 Rb8 29. Bd6 Rd8 {1/2-1/2 Castillo,S-Aguirretxe,J/
ESP-ch 1993/TD (29)}) 11. Rc1 Nh5 $6 {Black is fortunate that this does not
lose by force.} 12. Nxd7 Qxd7 13. Nxd5 $1 cxd5 14. Rc7 Qe6 15. Rxb7 Nxf4 16.
gxf4 Bd6 $2 $146 {Surprisingly, a novelty and definitely an error. Now the
weakness of d5 prevents black from gaining time against the rook on b7.} (16...
Bf6 $1 {[%csl Rb7]} 17. Rc7 Qd6 18. Rc3 Qxf4 19. e3 $14 {and white's pressure
against d5 and control of the c-line give him a tangible superiority, though
eventually 1/2-1/2 in Delchev,A-Kalka,A/Copenhagen 1991/EXT 97 (64)}) 17. e3
Rfd8 18. Qh5 Bb8 $6 (18... Bf8 $142 {allows black to prolong resistance but
white's advantage is winning after} 19. Rc1) 19. Rc1 h6 (19... g6 20. Qg5 {
does not help.}) 20. Rc6 $1 {[%csl Rd5,Rf7]} 1-0

[Event "Lee Cup 4th"]
[Site "Beijing"]
[Date "1997.09.04"]
[Round "11"]
[White "Van Wely, Loek"]
[Black "Tiviakov, Sergei"]
[Result "1/2-1/2"]
[WhiteElo "2655"]
[BlackElo "2590"]
[Annotator "Tisdall,J"]
[PlyCount "96"]
[EventDate "1997.08.23"]
[EventType "swiss"]
[EventRounds "11"]
[EventCountry "CHN"]
[SourceTitle "CBM 061"]
[Source "ChessBase"]
[SourceDate "1997.11.23"]
[SourceVersion "1"]
[SourceVersionDate "1997.11.23"]
[SourceQuality "1"]

1. d4 Nf6 2. c4 e6 3. Nf3 b6 4. g3 Bb7 5. Bg2 Be7 6. O-O O-O 7. Nc3 Ne4 8. Bd2
f5 9. Qc2 Bf6 10. Rad1 Nxc3 11. Bxc3 Be4 (11... Qe7 12. d5 Bxc3 13. Qxc3 Na6
14. Nd4 Nc5 15. b4 Ne4 16. Bxe4 fxe4 17. dxe6 dxe6 18. b5 Qf6 19. Qe3 a6 20.
Nc6 axb5 21. cxb5 Rxa2 22. Rd7 Ra1 23. Rxc7 Rxf1+ 24. Kxf1 Ba8 25. Qxb6 Qh6 26.
Kg2 Qh5 27. Qd4 e5 28. Qxe5 {1-0 Ovsejevitsch,S-Rehm,M/Berliner Sommer 1997/
EXP 59}) 12. Qc1 (12. Qd2 d6 13. Ne1 Bxg2 14. Nxg2 Qe7 15. Nf4 Nd7 16. d5 Bg5
17. dxe6 Bxf4 18. Qxf4 Qxe6 19. Rfe1 Nc5 {1/2-1/2 Karpov,A-Polugaevsky,L/
Amsterdam 1981/MCL 08}) 12... d6 13. Rfe1 {A more ambitious plan than seeking
to regain control of e4 by offering an exchange of light-squared bishops.
White tries to isolate the bishop on e4, but it is difficult to make much of
an impression on black's solid position.} (13. Bh3 Qe8 14. Ng5 $5 {was an
unsuccessful adventure, though the idea could merit a few more tests;} Qh5 (
14... Bb7 $5) 15. Nxe6 Qxh3 16. f3 Bb7 17. Nxc7 Nd7 18. Nxa8 Re8 19. Rf2 Bxa8
20. Bb4 $6 (20. Qf4 $5) (20. d5 $5) 20... d5 21. Bd6 Nf8 22. Be5 Be7 23. cxd5
Bxd5 24. e4 fxe4 25. fxe4 Bxe4 26. Qf4 Bd5 27. Bxg7 Ng6 {Azmaiparashvili,
Z-Gulko,B/Elenite 1995/CBM 50/0-1 (81)}) 13... Nd7 14. Bf1 Bb7 {Black retreats
before the d5 advance can leave the bishop stranded on e4.} 15. d5 Nc5 16. dxe6
Nxe6 17. Bg2 Bxc3 18. Qxc3 Qf6 19. Qxf6 Rxf6 20. Nd2 Bxg2 21. Kxg2 Nc5 22. Nb1
a5 23. b3 Ne4 24. f3 Nc5 25. Nc3 Re8 26. Nd5 Rf7 27. h4 {White can claim a
very small advantage since the d5-outpost is conforting and he has the option
of trying to expand on either flank. However, with vigilant defence black is
not in real danger.} g6 28. Rd2 Kg7 29. Kf2 Rb8 {This rook moves into sentinel
position. While there is no reason to take action (by say ...b5), the rook is
ready to switch to control the b- or a-line, depending on circumstances. Since
white's main plan of a3/b4 will open a line here, black prepares for this
eventuality.} 30. Rc1 Kf8 31. Rc3 Ke8 32. a3 Kd7 33. b4 Ne6 (33... axb4 $6 34.
axb4 {would let the a-line fall into enemy hands.}) 34. Rb3 Ra8 {Now the
a-line is more important.} 35. Rdd3 Ra7 36. Rb1 Ra8 37. Rg1 axb4 38. axb4 Ra2
39. Rc1 Kc8 40. Rcc3 {Now black clarifies the situation with a nice tactical
sequence.} f4 $1 41. g4 c6 $3 42. Nxb6+ Kb7 43. c5 (43. Rxd6 Nf8 44. c5 Re7)
43... Nxc5 $1 44. bxc5 Re7 45. Kf1 (45. Rb3 $4 Raxe2+ 46. Kg1 Re1+ 47. Kg2
R7e2+ 48. Kh3 Rh1#) 45... Ra1+ $1 ({Simpler than} 45... Rexe2 46. Rb3 $5) 46.
Kf2 Ra2 47. Kf1 Ra1+ 48. Kf2 Ra2 1/2-1/2

[Event "Excelsior Cup"]
[Site "Gothenburg"]
[Date "1999.01.09"]
[Round "3"]
[White "Barkhagen, Jonas"]
[Black "Marin, Mihail"]
[Result "1-0"]
[WhiteElo "2415"]
[BlackElo "2527"]
[Annotator "Tisdall,J"]
[PlyCount "67"]
[EventDate "1999.01.07"]
[EventType "tourn"]
[EventRounds "9"]
[EventCountry "SWE"]
[EventCategory "10"]
[SourceTitle "CBM 069"]
[Source "ChessBase"]
[SourceDate "1999.04.01"]
[SourceVersion "1"]
[SourceVersionDate "1999.04.01"]
[SourceQuality "1"]

1. d4 {Marin,M} Nf6 2. c4 e6 3. Nf3 b6 4. g3 Bb7 5. Bg2 Be7 6. O-O O-O 7. Nc3
Ne4 8. Bd2 f5 9. Qc2 Bf6 10. Rad1 (10. Ne1 Bxd4 11. Nxe4 fxe4 12. Bxe4 Bxe4 13.
Qxe4 Nc6) (10. Ne5 Nxc3 11. Bxb7 Nxe2+ 12. Kg2 Nxd4) 10... Qe7 $5 {A dynamic
alternative to the traditionally solid choice} (10... Nxc3 11. Bxc3 Be4 (11...
Qe7 12. d5 Bxc3 13. Qxc3 Na6 14. Nd4 Nc5 15. b4 Ne4 16. Bxe4 fxe4 17. dxe6 dxe6
18. b5 Qf6 19. Qe3 a6 20. Nc6 axb5 21. cxb5 Rxa2 22. Rd7 Ra1 23. Rxc7 Rxf1+ 24.
Kxf1 Ba8 25. Qxb6 Qh6 26. Kg2 Qh5 27. Qd4 e5 28. Qxe5 {1-0 Ovsejevitsch,S-Rehm,
M/Berliner Sommer 1997/EXP 59}) 12. Qc1 (12. Qd2 d6 13. Ne1 Bxg2 14. Nxg2 Qe7
15. Nf4 Nd7 16. d5 Bg5 17. dxe6 Bxf4 18. Qxf4 Qxe6 19. Rfe1 Nc5 {1/2-1/2
Karpov,A-Polugaevsky,L/Amsterdam 1981/MCL 08}) 12... d6 13. Rfe1 (13. Bh3 Qe8
14. Ng5 $5 Qh5 (14... Bb7 $5) 15. Nxe6 Qxh3 16. f3 Bb7 17. Nxc7 Nd7 18. Nxa8
Re8 19. Rf2 Bxa8 20. Bb4 $6 (20. Qf4 $5) (20. d5 $5) 20... d5 21. Bd6 Nf8 22.
Be5 Be7 23. cxd5 Bxd5 24. e4 fxe4 25. fxe4 Bxe4 26. Qf4 Bd5 27. Bxg7 Ng6 {
Azmaiparashvili,Z-Gulko,B/Elenite 1995/CBM 50/0-1 (81)}) 13... Nd7 14. Bf1 Bb7
15. d5 Nc5 16. dxe6 Nxe6 17. Bg2 Bxc3 18. Qxc3 Qf6 19. Qxf6 Rxf6 20. Nd2 Bxg2
21. Kxg2 Nc5 22. Nb1 a5 23. b3 Ne4 24. f3 Nc5 25. Nc3 Re8 26. Nd5 $14 {1/2-1/2
Van Wely,L-Tiviakov,S/Beijing 1997/CBM 61/[Tisdall] (48)}) 11. d5 $5 (11. Ne1
$5 Bxd4 (11... Nxc3 12. Bxc3 (12. Bxb7 $2 Nxe2+ 13. Kh1 Nxd4 $15 {gives black
too good a deal, with two solid center pawns for the exchange.}) 12... Bxg2 13.
Nxg2 {is an inferior version of the ...Nxc3 lines since white's queen has not
been misplaced with ...Be4 and so is ready to support action with e2-e4.
Compare this with the notes above.}) 12. Nxe4 fxe4 13. Bxe4 Bxe4 14. Qxe4 Nc6
15. b3 {and the return of the knight to f3 should give white a tiny plus.} (15.
b4 $5)) 11... Na6 $1 12. Nxe4 fxe4 13. Qxe4 Rae8 $2 (13... Nc5 14. Qc2 (14. Qe3
$5 Bxb2 (14... exd5 {is safer:} 15. Qxe7 (15. cxd5 Bxd5 16. Qxe7 Bxe7 17. b4
Ne4 (17... Ne6 {may be the same.}) 18. Bg5 Nxg5 19. Rxd5 Nxf3+ 20. Bxf3 $14 {
white still has a slight initiative thanks to his more active pieces, but it
is not much.}) 15... Bxe7 16. Bg5 $6 (16. cxd5 {may transpose into the main
sub-variation.}) 16... Rae8 {[%csl Re2]}) 15. Bb4 Bf6 16. dxe6 dxe6 17. Bh3 $5
{and white's superior pawn structure should guarantee him an initiative,
though black will get a powerful bishop pair in return for eventual damage on
c5.} (17. Nd2)) 14... exd5 15. b4 $1 Ne4 (15... Ne6 16. cxd5 Bxd5 17. e4) 16.
cxd5 Bxd5 17. Ng5 (17. Qxc7 Bxa2 18. Qc2 {Marin. This exchange does not appear
to help white.}) 17... Bxg5 18. Bxg5 Qxg5 19. Bxe4 Bxe4 20. Qxe4 $11 Qb5 (20...
d6 21. Qc6 Qg4) 21. Rd5 (21. Qb7 d6 22. Qxc7 Qxe2 23. Rxd6 Qxa2 24. Rd7 Rf7)
21... Rae8 22. Qd4 Qxe2 23. Rxd7 Re7 {Marin}) (13... Bxb2 $2 14. Ng5 Rf5 (14...
g6 15. d6 $1 cxd6 16. Qxb7 Nc5 17. Qxa8 Rxa8 18. Bxa8 d5 19. cxd5 Qe8 20. dxe6
Qxa8 21. exd7 Nxd7 22. Nxh7 $1 Kxh7 23. Bc1 $18 {jt}) 15. Qb1 {[%csl Rb2,Re6,
Rh7][%cal Yd5d6,Yg2b7,Yb1h7] and white has too many threats - d6, b2 e6 and h7
on the kingside.}) 14. Be3 $1 (14. Ng5 Bxg5 15. d6 Qxd6 (15... Bxe4 16. dxe7
Rf7 $14) 16. Qxb7 Nc5 17. Qxa7 Bxd2 18. b4 Na6 19. Qxa6 (19. a3 Nxb4 20. axb4
Qxb4 21. Qxc7 Rf7 $11) 19... Qxb4 $13) (14. Nd4 $6 Nc5 15. Qe3 exd5 16. cxd5
Qf7 {Marin}) 14... exd5 (14... Nc5 15. Qc2) 15. Qxe7 Rxe7 16. Nd4 {[%csl Rb7]
[%cal Gg2b7] The omission of ...Nc5 allows white to regain the initiative.} Nb4
(16... c6 17. cxd5 cxd5 18. Rd2 $16) 17. a3 Bxd4 18. Bxd4 Nc2 19. e3 c6 (19...
Ba6 $5 {is also insufficient, but offers a variety of technical problems.} 20.
Bxd5+ Kh8 21. Rd2 (21. Bc3 c6 22. Bg2 (22. Rc1 cxd5 23. Rxc2 Bxc4 24. Bb4 Bxf1
25. Bxe7 Bd3 26. Rc7 $16) 22... Bxc4 23. Rc1 Bxf1 24. Bxf1 Nxe3 25. fxe3 Rxe3
$13) 21... Nxd4 22. Rxd4 c6 23. Bg2 d5 24. b3 dxc4 25. bxc4 c5 26. Rg4 $16 {
is the most convincing.}) 20. Bc3 Ba6 21. Rc1 (21. Rd2 $5 {looks even stronger:
} d4 (21... Bxc4 22. Rxc2 Bxf1 23. Bxf1 $16) 22. exd4 Ne1 23. Bb4 $1 $18 c5 24.
Bd5+ Kh8 25. dxc5 Nf3+ 26. Bxf3 Rxf3 27. cxb6) 21... d4 22. Rxc2 (22. exd4 Re2)
22... dxc3 23. Rxc3 d5 24. Rd1 $1 {ruling out any bids for activity after} (24.
Rfc1 d4 $5 {or} (24... dxc4 25. Bxc6 Rd8)) 24... Bxc4 25. b3 Be2 (25... Bb5 26.
a4) 26. Rd2 Bf3 27. Bxf3 Rxf3 28. Rxc6 Rd7 29. Kg2 Rf8 30. e4 $18 {The weak
d-pawn is too big a handicap to allow black to mount real resistance.} d4 (
30... Rfd8 31. Rxd5 Rxd5 32. exd5 Rxd5 33. Rc8+ Kf7 34. Rc7+) 31. f4 g5 32. Kf3
gxf4 33. gxf4 {Besides this duo of passed pawns, the d-pawn is due to be
absorbed.} d3 34. Rc3 1-0

[Event "Groningen Festival"]
[Site "Groningen"]
[Date "1998.12.24"]
[Round "5"]
[White "Yermolinsky, Alex"]
[Black "Tiviakov, Sergei"]
[Result "0-1"]
[WhiteElo "2625"]
[BlackElo "2655"]
[Annotator "Tisdall,J"]
[PlyCount "94"]
[EventDate "1998.12.20"]
[EventType "tourn"]
[EventRounds "10"]
[EventCountry "NED"]
[EventCategory "16"]
[SourceTitle "CBM 069"]
[Source "ChessBase"]
[SourceDate "1999.04.01"]
[SourceVersion "1"]
[SourceVersionDate "1999.04.01"]
[SourceQuality "1"]

1. Nf3 Nf6 2. c4 b6 3. g3 Bb7 4. Bg2 e6 5. Nc3 Be7 6. d4 Ne4 7. Bd2 f5 8. Qc2 (
8. d5 $5 {has made more of an impression on the black position in the past:}
exd5 (8... Na6 $2 9. dxe6 dxe6 10. Qa4+ Qd7 11. Qxd7+ Kxd7 12. Nxe4 Bxe4 13.
Ne5+ Kc8 14. Bxe4 fxe4 15. O-O-O $16 {1-0 Alterman,B-Kortschnoj,V/Beersheba
1992/CBM 30/[Dautov] (55)}) (8... Bf6 9. Qc2 Qe7 (9... Nd6 10. Bf4 Qe7 11. Bxd6
Qxd6 12. O-O Na6 13. Rad1 O-O-O 14. dxe6 Qxe6 15. Nd5 $14 {ECO}) 10. Rd1 Na6 (
10... exd5 11. cxd5 c5 12. dxc6 dxc6 13. Nxe4 fxe4 14. Nh4 Bxh4 15. gxh4 O-O
16. Qc4+ $1 $16 {1-0 Khalifman,A-Korchnoi,V/St Petersburg 1997 (47)}) 11. O-O
Nb4 12. Qb3 a5 13. Nb5 O-O 14. Nxc7 Rac8 15. a3 Nc5 (15... Rxc7 16. axb4 Nxd2
17. Nxd2 Qxb4 18. Qxb4 axb4 19. d6 Bxg2 20. dxc7 Bxf1 21. Nxf1 Bxb2 22. Rxd7
Bf6 23. Rd6 Rc8 24. Rxb6 Rxc7 25. Rxb4 $16 {1-0 Shneider,A-Cosma,I/It 1995 (45)
}) 16. Bxb4 Rxc7 17. Bxc5 Qxc5 18. Ne1 $16 {Magerramov,E-Marinelli,T Budapest
Spring op 1990}) (8... Nxc3 $5 9. Bxc3 O-O 10. O-O Qc8 11. b4 Bf6 12. Bxf6 Rxf6
13. e4 $13 {1/2-1/2 Hakulinen,E-Saren,I/FIN 1991/EXT 97 (59)}) (8... O-O 9. Qc2
Nd6 10. b3 Bf6 11. Rd1 Qe7 12. O-O Na6 13. Ne1 c6 14. dxe6 dxe6 15. e4 Nb4 16.
Qb1 c5 17. Bf4 Nf7 $13 {1-0 Van der Sterren,P-Salov,V/Hoogovens, Wijk aan Zee
NED 1998 (49)}) 9. Nxd5 O-O 10. O-O Nc6 11. Bf4 d6 12. Nd2 Nc5 13. b4 Ne6 14.
b5 Na5 15. Nb3 Nxb3 16. axb3 $14 {1-0 Karpov,A-Tiviakov,S/San Giorgio 1995/EXT
98 (69)}) 8... Nxc3 9. Bxc3 Be4 10. Qd2 O-O 11. O-O Bf6 12. Rfd1 {
Traditionally white has preferred centralizing rooks and aiming to extract an
advantage by gradually realizing the advance e2-e4.} (12. Rad1 d6 13. Ne1 (13.
b3 Nd7 14. Qb2 Qe8 15. Rfe1 Qh5 16. Bf1 f4 $5 $36 {1-0 Hoelzl,F-Miniboeck,G/
AUT-chT9495 1995/CBM 45 ext (37)}) 13... Bxg2 14. Nxg2 Nd7 15. Qc2 Qe7 16. Rfe1
Qf7 17. f4 Rae8 18. e4 fxe4 19. Qxe4 Bd8 20. Kh1 Qh5 21. Qe2 Qxe2 22. Rxe2 Bf6
23. Ne1 g5 $6 24. Nd3 gxf4 $2 25. Nxf4 e5 26. Rde1 Rc8 27. Nd5 exd4 28. Bxd4 $1
$16 {1-0 Stempin,P-Gizynski,T/Gdynia 1987/EXT 98 (62) are two successful
examples of the white approach, though one has to admit that white did not
accomplish so much in the opening phase of these games.}) 12... d6 13. Rac1 Nd7
14. b4 Qe7 15. a4 Rad8 16. Qa2 Kh8 17. a5 {White has revealed an interesting
plan, grabbing space on the queenside. Nevertheless, black is still rock solid,
with no weaknesses and a firm grip on the center.} e5 18. dxe5 Nxe5 (18... dxe5
$2 19. axb6 axb6 20. Qa7 $5 {would justify white's strategy and clearly shows
that the Nd7 needs to be moved.}) 19. Nxe5 Bxg2 (19... Bxe5 $5) 20. Kxg2 (20.
Ng6+ $5 hxg6 21. Kxg2 Rde8 {was an option, though here black may be able to
use his new g-pawn aggressively.}) 20... Bxe5 21. e3 Qe6 22. Bd4 Rde8 23. Qb3
Qg6 24. Qc2 h5 25. c5 $5 (25. Bxe5 Rxe5 26. axb6 axb6 27. Rd4 {is a very
sensible continuation. White can meet} (27. Ra1 {is certainly the most obvious
way to play here. Black can start a race with} h4 28. Ra7 Qg4 {when white must
weaken his king position to avoid an invasion on the light squares.}) 27... Ra8
{with} 28. Qd1 {to oppose the a-file or pressure the h-pawn, when the position
must be level.}) 25... dxc5 26. bxc5 bxa5 $5 {An extremely double-edged
continuation - black banks on creating trouble on the light squares around the
white king before white can round up the queenside.} 27. h4 $6 {Hard to
understand - this seems to invite more trouble on this flank than it prevents.
White should just get on with it:} (27. Bxe5 Rxe5 28. Qc3 {is a much better
version of the game.}) 27... Qc6+ 28. Kg1 Qf3 29. Bxe5 Rxe5 30. Qc3 Re4 $5 (
30... Rfe8 $5 {was also possible:} 31. Rd7 (31. Qxa5 Rxe3 $1 $40 {and the
offer cannot be accepted:} 32. fxe3 Qxg3+ 33. Kf1 Qf3+ 34. Kg1 Qxe3+ 35. Kg2
Qe4+ {and the black rook will enter the game with decisive effect.}) 31... Qc6
$13) 31. Rd7 (31. Qxa5 f4 $1 (31... Rxe3 $11) 32. exf4 Rfxf4 $3 (32... Re2 33.
Rf1 Rxf2 34. Rxf2 Qxg3+ 35. Kf1 Qh3+ $11) 33. gxf4 Rxf4 $1 (33... Qg4+ $11) 34.
Rd8+ Kh7 35. Qa2 (35. Qd2 Rg4+ 36. Kf1 Re4 $1 (36... Qh1+ 37. Ke2 Re4+ 38. Kd3
Qf3+ 39. Qe3 $17 (39. Kc2 Rc4+ 40. Kb1 Qb7+ 41. Qb2 Rb4 $17 {[%csl Rh4]})) 37.
Kg1 (37. Qg5 Qe2+ 38. Kg1 Rg4+ $17 {[%csl Gg7,Rh4,Gh5][%cal Ga7a1]}) 37... Qg4+
38. Kh2 Qxh4+ 39. Kg2 Rg4+ 40. Kf3 Qh3+ 41. Ke2 Re4+ {and black reaches a
winning queen vs. two rooks ending.}) 35... Rg4+ 36. Kf1 Qg2+ (36... Re4 $5)
37. Ke2 Re4+ 38. Kd3 Qf3+ $19) 31... Rg4 32. Qe5 $2 (32. Rxc7 $4 Rxg3+ $17) (
32. Rc2 $5) 32... f4 $1 $17 {It doesn't seem fair that white can grab a pawn
and exchange queens here without breaking black's attack, but it's true.} 33.
Qxh5+ (33. exf4 Rxg3+ 34. fxg3 Qxg3+ 35. Kh1 (35. Kf1 Rxf4+ $19) 35... Qxh4+
36. Kg2 Qg4+ 37. Kh2 Qxd7 $17) 33... Kg8 34. Qd5+ Qxd5 35. Rxd5 fxe3 36. Rf1
exf2+ 37. Kg2 a4 38. Rd3 (38. Rxf2 Rxf2+ 39. Kxf2 a3 $19) 38... Rc4 39. Ra3 a5
40. Rxf2 Rxf2+ 41. Kxf2 Kf7 42. Kf3 Ke6 43. g4 Kd5 44. h5 Kxc5 45. Ra1 Rc3+ 46.
Kf4 a3 47. g5 Kb4 {The black king and queenside pawns overpower the white rook
even if white manages a distracting passed pawn on the other flank.} 0-1